[Event "GBR-ch73"]
[Site "Southampton"]
[Date "1986.07.31"]
[Round "4"]
[White "Plaskett, H James"]
[Black "Emms, John"]
[Result "1-0"]
[WhiteElo "2450"]
[BlackElo "2305"]
[PlyCount "81"]
[EventDate "1986.07.28"]
[EventType "swiss"]
[EventRounds "11"]
[EventCountry "GBR"]
[SourceTitle "BritBase"]
[Source "John Saunders"]
[SourceDate "2020.09.07"]
[SourceVersion "1"]
[SourceVersionDate "2020.09.07"]
[SourceQuality "2"]

1. d4 Nf6 2. Nf3 e6 3. Bg5 d5 4. e3 Be7 5. c4 h6 6. Bh4 O-O 7. Nc3 Ne4 8. Bg3
Nxc3 9. bxc3 Nc6 10. Qc2 Re8 11. Rb1 Bf6 12. cxd5 exd5 13. Bd3 Na5 14. O-O c6
15. Nd2 Bg5 16. Rbe1 b6 17. f4 Be7 18. Nf3 Bf6 19. Ne5 c5 20. Bh7+ Kf8 21. Qe2
a6 22. Qh5 Ra7 23. Bd3 Rae7 24. Rf3 Bd7 25. Ref1 Bb5 26. Qf5 Bxd3 27. Qxd3 Kg8
28. Qxa6 c4 29. Rb1 Rb7 30. Qb5 Bxe5 31. fxe5 Re6 32. Rf2 Qd7 33. Qxd7 Rxd7 34.
Rfb2 Rb7 35. Rb5 Ra7 36. Rxd5 Ra6 37. Rd8+ Kh7 38. d5 Rg6 39. Rd7 h5 40. Rxf7
Rg4 41. e6 1-0

[Event "GBR-ch73"]
[Site "Southampton"]
[Date "1986.07.31"]
[Round "4"]
[White "Quillan, Gary"]
[Black "Nicholson, John G"]
[Result "0-1"]
[WhiteElo "2010"]
[BlackElo "2295"]
[PlyCount "36"]
[EventDate "1986.07.28"]
[EventType "swiss"]
[EventRounds "11"]
[EventCountry "GBR"]
[SourceTitle "BritBase"]
[Source "John Saunders"]
[SourceDate "2020.09.07"]
[SourceVersion "1"]
[SourceVersionDate "2020.09.07"]
[SourceQuality "2"]

1. e4 c5 2. Nc3 e6 3. g3 d5 4. exd5 exd5 5. d4 Nc6 6. Nge2 Bg4 7. Be3 Bf3 8.
Rg1 Nf6 9. Qd2 Be7 10. Bg2 Bxg2 11. Rxg2 O-O 12. g4 cxd4 13. Nxd4 Bb4 14. f3
Ne5 15. Kf2 Nc4 16. Qc1 Re8 17. Nd1 Rxe3 18. c3 Rd3 0-1

[Event "GBR-ch73"]
[Site "Southampton"]
[Date "1986.07.31"]
[Round "4"]
[White "Teichmann, Erik OMC"]
[Black "Watts, David"]
[Result "0-1"]
[WhiteElo "2310"]
[BlackElo "2210"]
[PlyCount "58"]
[EventDate "1986.07.28"]
[EventType "swiss"]
[EventRounds "11"]
[EventCountry "GBR"]
[SourceTitle "BritBase"]
[Source "John Saunders"]
[SourceDate "2020.09.07"]
[SourceVersion "1"]
[SourceVersionDate "2020.09.07"]
[SourceQuality "2"]

1. b4 c6 2. Bb2 Qb6 3. a3 a5 4. c4 axb4 5. c5 Qc7 6. axb4 Rxa1 7. Bxa1 d6 8.
Qa4 e5 9. Nf3 Nd7 10. cxd6 Bxd6 11. g3 Ngf6 12. Nc3 Qb6 13. Na2 e4 14. Ng5 h6
15. Nh3 Be5 16. Bxe5 Nxe5 17. Bg2 O-O 18. Nc3 Rd8 19. Nb1 Bg4 20. Qb3 Rd4 21.
b5 cxb5 22. Na3 Qc5 23. Qc3 Nc4 24. Nb1 b4 25. Qc2 Qb5 26. Bf1 Ne5 27. Qb2 Rc4
28. f3 exf3 29. Na3 Qe8 0-1

[Event "GBR-ch73"]
[Site "Southampton"]
[Date "1986.07.31"]
[Round "4"]
[White "Thipsay, Praveen Mahadeo"]
[Black "King, Daniel J"]
[Result "1/2-1/2"]
[WhiteElo "2375"]
[BlackElo "2455"]
[PlyCount "108"]
[EventDate "1986.07.28"]
[EventType "swiss"]
[EventRounds "11"]
[EventCountry "GBR"]
[SourceTitle "BritBase"]
[Source "John Saunders"]
[SourceDate "2020.09.07"]
[SourceVersion "1"]
[SourceVersionDate "2020.09.07"]
[SourceQuality "2"]

1. e4 c5 2. Nf3 Nc6 3. d4 cxd4 4. Nxd4 Nf6 5. Nc3 e5 6. Ndb5 d6 7. Bg5 a6 8.
Na3 b5 9. Nd5 Be7 10. Bxf6 Bxf6 11. c3 O-O 12. Nc2 Rb8 13. Be2 Bg5 14. O-O Be6
15. Nce3 a5 16. Qd3 g6 17. Rad1 Kh8 18. Kh1 Qd7 19. g3 f5 20. exf5 gxf5 21. f4
Bh6 22. Qd2 Qf7 23. Bf3 Rfd8 24. Qe2 Rf8 25. Ng2 b4 26. Nde3 e4 27. Bh5 Qc7 28.
Qd2 bxc3 29. bxc3 Rbd8 30. Rc1 Bg7 31. Rfd1 Ne7 32. Be2 Qc5 33. c4 Nc6 34. Nd5
Nd4 35. Nge3 Rb8 36. Rb1 a4 37. Rdc1 a3 38. Bd1 Rfc8 39. Ne7 Re8 40. N7d5 Qa7
41. Rb4 Nf3 42. Rxb8 Qxb8 43. Qc2 Qa7 44. Bxf3 exf3 45. Rf1 Bxd5 46. Nxd5 Qd4
47. Rxf3 Qb2 48. Rf2 Bd4 49. Rd2 Re1+ 50. Kg2 Rb1 51. Kf3 Rf1+ 52. Kg2 Rb1 53.
Kf3 Rf1+ 54. Kg2 Rb1 1/2-1/2

[Event "GBR-ch73"]
[Site "Southampton"]
[Date "1986.07.31"]
[Round "4"]
[White "Thomas, Ian L"]
[Black "Walker, David"]
[Result "1-0"]
[WhiteElo "2350"]
[BlackElo "2255"]
[PlyCount "81"]
[EventDate "1986.07.28"]
[EventType "swiss"]
[EventRounds "11"]
[EventCountry "GBR"]
[SourceTitle "BritBase"]
[Source "John Saunders"]
[SourceDate "2020.09.07"]
[SourceVersion "1"]
[SourceVersionDate "2020.09.07"]
[SourceQuality "2"]

1. e4 e6 2. d4 d5 3. e5 c5 4. c3 Bd7 5. Nf3 Nc6 6. a3 Rc8 7. b4 cxd4 8. cxd4
Nge7 9. Bd3 Nf5 10. Be3 Be7 11. Nbd2 O-O 12. O-O Nxe3 13. fxe3 f5 14. exf6 Bxf6
15. Qb1 h6 16. Qb3 g5 17. h3 Be8 18. Rac1 Kg7 19. Rc5 b6 20. Rc3 Ne7 21. Rfc1
Rxc3 22. Qxc3 Bg6 23. Bxg6 Nxg6 24. Nf1 Qd6 25. Qc6 Qxc6 26. Rxc6 Re8 27. Ng3
Bd8 28. Ne2 Re7 29. b5 Bc7 30. g4 Nh8 31. Nc1 Nf7 32. Nd3 Nd6 33. a4 Nc4 34.
Kf2 Bd6 35. Ke2 Rc7 36. Nfe5 Bxe5 37. Nxe5 Rxc6 38. Nxc6 Nb2 39. Kd2 Nxa4 40.
Kc2 a6 41. bxa6 1-0

[Event "GBR-ch73"]
[Site "Southampton"]
[Date "1986.07.31"]
[Round "4"]
[White "Townsend, M Paul"]
[Black "Arkell, Keith C"]
[Result "1/2-1/2"]
[WhiteElo "2220"]
[BlackElo "2350"]
[PlyCount "144"]
[EventDate "1986.07.28"]
[EventType "swiss"]
[EventRounds "11"]
[EventCountry "GBR"]
[SourceTitle "BritBase"]
[Source "John Saunders"]
[SourceDate "2020.09.07"]
[SourceVersion "1"]
[SourceVersionDate "2020.09.07"]
[SourceQuality "2"]

1. d4 c5 2. d5 e5 3. e4 d6 4. c4 Be7 5. Nf3 Bg4 6. Nc3 a6 7. Bd3 Bxf3 8. Qxf3
Bg5 9. O-O Bxc1 10. Rfxc1 Ne7 11. a3 O-O 12. b4 Nd7 13. Rab1 g6 14. Bc2 f5 15.
Qh3 Rc8 16. b5 a5 17. Rf1 Nb6 18. Bd3 f4 19. g3 Kg7 20. f3 h5 21. Kh1 Qe8 22.
Rf2 Qf7 23. Rg1 Rh8 24. Qh4 Rcf8 25. Qg5 fxg3 26. Rxg3 Qf6 27. h4 Ng8 28. Nd1
Nh6 29. Ne3 Qxg5 30. Rxg5 Kh7 31. Ng2 Rf6 32. f4 Nf7 33. f5 Nxg5 34. hxg5 Rff8
35. Nh4 Rhg8 36. Nxg6 Rd8 37. Kh2 Rxg6 38. fxg6+ Kxg6 39. Be2 Kxg5 40. Rf5+ Kh6
41. Rxh5+ Kg6 42. Rh3 Rf8 43. Rg3+ Kf6 44. Rf3+ Ke7 45. Rxf8 Kxf8 46. Kg3 Kg7
47. Kg4 Kg6 48. Kh4 Na4 49. Bd1 Nc3 50. Bc2 Ne2 51. Bd1 Nf4 52. Bf3 Nd3 53. Be2
Ne1 54. Kg4 Ng2 55. Bd3 Ne3+ 56. Kh4 Kh6 57. Be2 a4 58. Bd3 b6 59. Be2 Nc2 60.
Kg4 Kg6 61. Kh4 Ne3 62. Bd3 Nd1 63. Be2 Nf2 64. Bf3 Kh6 65. Kg3 Nd3 66. Kg4 Kg6
67. Kh4 Nc1 68. Bh5+ Kh6 69. Bd1 Nb3 70. Be2 Nd2 71. Bd3 Kg6 72. Kg4 Kf6
1/2-1/2

[Event "GBR-ch73"]
[Site "Southampton"]
[Date "1986.07.31"]
[Round "4"]
[White "Watson, William N"]
[Black "Hebden, Mark L"]
[Result "1/2-1/2"]
[WhiteElo "2495"]
[BlackElo "2440"]
[PlyCount "55"]
[EventDate "1986.07.28"]
[EventType "swiss"]
[EventRounds "11"]
[EventCountry "GBR"]
[SourceTitle "BritBase"]
[Source "John Saunders"]
[SourceDate "2020.09.07"]
[SourceVersion "1"]
[SourceVersionDate "2020.09.07"]
[SourceQuality "2"]

1. e4 e5 2. Nc3 Nf6 3. g3 d5 4. exd5 Nxd5 5. Bg2 Nxc3 6. bxc3 Bd6 7. Nf3 O-O 8.
O-O Bg4 9. h3 Bh5 10. g4 Bg6 11. d4 Nd7 12. dxe5 Nxe5 13. Nd4 Nc6 14. Nb5 Re8
15. Nxd6 Qxd6 16. Qxd6 cxd6 17. Rb1 Na5 18. Rb5 Re5 19. Rxe5 dxe5 20. Rd1 Bxc2
21. Rd5 Nc6 22. Rd2 Ba4 23. Rd7 Rb8 24. Rc7 Nd8 25. Be3 a6 26. Re7 Nc6 27. Rc7
Nd8 28. Re7 1/2-1/2

[Event "GBR-ch73"]
[Site "Southampton"]
[Date "1986.07.31"]
[Round "4"]
[White "Wicker, Kevin J"]
[Black "Allen, Keith"]
[Result "1/2-1/2"]
[WhiteElo "2305"]
[BlackElo "2225"]
[PlyCount "92"]
[EventDate "1986.07.28"]
[EventType "swiss"]
[EventRounds "11"]
[EventCountry "GBR"]
[SourceTitle "BritBase"]
[Source "John Saunders"]
[SourceDate "2020.09.07"]
[SourceVersion "1"]
[SourceVersionDate "2020.09.07"]
[SourceQuality "2"]

1. d4 Nf6 2. c4 e6 3. Nf3 b6 4. Bf4 Bb7 5. e3 Ne4 6. Nfd2 Nf6 7. Nc3 d5 8. cxd5
exd5 9. Rc1 c6 10. Bd3 Be7 11. O-O O-O 12. Re1 Nbd7 13. e4 dxe4 14. Ndxe4 Nxe4
15. Bxe4 Nf6 16. Bf3 Qd7 17. Qa4 Rfd8 18. Be5 c5 19. Qxd7 Rxd7 20. Bxb7 Rxb7
21. dxc5 bxc5 22. Na4 Nd7 23. Bf4 Bf8 24. b3 Rc8 25. g3 Nb6 26. Nb2 f6 27. Nc4
Nxc4 28. Rxc4 Rb4 29. Rec1 Rd8 30. Be3 a5 31. Bxc5 Bxc5 32. Rxc5 a4 33. Rc8
Rxc8 34. Rxc8+ Kf7 35. Rc7+ Kg6 36. Rc3 Rd4 37. bxa4 Rxa4 38. a3 h5 39. h4 Kf5
40. Kf1 g5 41. hxg5 fxg5 42. Rb3 Ra5 43. Ke2 Kg4 44. Rb4+ Kh3 45. a4 Kg2 46.
Re4 Rf5 1/2-1/2

[Event "GBR-ch73"]
[Site "Southampton"]
[Date "1986.08.01"]
[Round "5"]
[White "Arkell, Keith C"]
[Black "Wicker, Kevin J"]
[Result "1-0"]
[WhiteElo "2350"]
[BlackElo "2305"]
[PlyCount "55"]
[EventDate "1986.07.28"]
[EventType "swiss"]
[EventRounds "11"]
[EventCountry "GBR"]
[SourceTitle "BritBase"]
[Source "John Saunders"]
[SourceDate "2020.09.07"]
[SourceVersion "1"]
[SourceVersionDate "2020.09.07"]
[SourceQuality "2"]

1. d4 g6 2. e4 c6 3. Nf3 Na6 4. Bf4 Bg7 5. Nc3 Nc7 6. Bd3 Nf6 7. O-O O-O 8. Qd2
d6 9. h3 Nd7 10. e5 dxe5 11. dxe5 Ne6 12. Bh6 Ndc5 13. Bxg7 Kxg7 14. Nh2 Nxd3
15. cxd3 Qd4 16. Rfe1 Qf4 17. Re3 Nd4 18. Qd1 Rd8 19. Re4 Qf5 20. Qd2 b6 21.
Rae1 c5 22. Rf4 Qd7 23. Ng4 Nf5 24. Rf3 Bb7 25. e6 Qd4 26. Rxf5 gxf5 27. Qg5+
Kh8 28. Ne5 1-0

[Event "GBR-ch73"]
[Site "Southampton"]
[Date "1986.08.01"]
[Round "5"]
[White "Botterill, George Steven"]
[Black "Lyell, Mark"]
[Result "1-0"]
[WhiteElo "2395"]
[BlackElo "2030"]
[PlyCount "95"]
[EventDate "1986.07.28"]
[EventType "swiss"]
[EventRounds "11"]
[EventCountry "GBR"]
[SourceTitle "BritBase"]
[Source "John Saunders"]
[SourceDate "2020.09.07"]
[SourceVersion "1"]
[SourceVersionDate "2020.09.07"]
[SourceQuality "2"]

1. d4 Nc6 2. Nf3 d6 3. e4 Nf6 4. Nc3 Bg4 5. Bb5 a6 6. Bxc6+ bxc6 7. h3 Bh5 8.
Qe2 e6 9. e5 Nd7 10. g4 Bg6 11. Bg5 Be7 12. Bxe7 Qxe7 13. a3 O-O 14. O-O-O d5
15. h4 f6 16. h5 Be8 17. Qe3 Nb6 18. exf6 gxf6 19. Nd2 Bd7 20. f4 Rf7 21. Rdg1
Raf8 22. Na2 a5 23. Kb1 Bc8 24. Nc1 Ba6 25. Ncb3 Nc4 26. Nxc4 Bxc4 27. Nc5 e5
28. g5 fxg5 29. b3 Rxf4 30. bxc4 R8f5 31. cxd5 cxd5 32. dxe5 Rf3 33. Qd4 Rxe5
34. Nd3 Ref5 35. Re1 Qxa3 36. Re8+ Kf7 37. Qh8 Rf1+ 38. Rxf1 Rxf1+ 39. Re1
Rxe1+ 40. Nxe1 Qb4+ 41. Ka2 Qxe1 42. Qxh7+ Kf6 43. Qg6+ Ke7 44. Qxg5+ Kd6 45.
h6 Qe8 46. Qf4+ Kc5 47. Qxc7+ Qc6 48. Qxc6+ 1-0

[Event "GBR-ch73"]
[Site "Southampton"]
[Date "1986.08.01"]
[Round "5"]
[White "Bowden, Karl"]
[Black "Martin, Andrew D"]
[Result "1/2-1/2"]
[WhiteElo "2340"]
[BlackElo "2370"]
[PlyCount "62"]
[EventDate "1986.07.28"]
[EventType "swiss"]
[EventRounds "11"]
[EventCountry "GBR"]
[SourceTitle "BritBase"]
[Source "John Saunders"]
[SourceDate "2020.09.07"]
[SourceVersion "1"]
[SourceVersionDate "2020.09.07"]
[SourceQuality "2"]

1. e4 Nc6 2. Nc3 Nf6 3. d4 d6 4. Nge2 e5 5. d5 Ne7 6. f3 g6 7. Be3 c5 8. Nc1
Bg7 9. Bb5+ Nd7 10. a4 f5 11. exf5 gxf5 12. Nd3 a6 13. Bxd7+ Bxd7 14. f4 e4 15.
Nf2 Bxc3+ 16. bxc3 Qa5 17. Qd2 Rg8 18. O-O Ng6 19. Kh1 O-O-O 20. Nd1 Rg7 21.
Bf2 Rdg8 22. Ne3 Qc7 23. Be1 Nh8 24. Bf2 Nf7 25. Rfb1 Nh6 26. h3 Nf7 27. a5 Kb8
28. Rb6 Bc8 29. Rab1 Ka8 30. Qe2 Rg6 31. Qf1 R8g7 1/2-1/2

[Event "GBR-ch73"]
[Site "Southampton"]
[Date "1986.08.01"]
[Round "5"]
[White "Carr, Neil L"]
[Black "Kwiatkowski, Feliks J"]
[Result "1-0"]
[WhiteElo "2305"]
[BlackElo "2250"]
[PlyCount "115"]
[EventDate "1986.07.28"]
[EventType "swiss"]
[EventRounds "11"]
[EventCountry "GBR"]
[SourceTitle "BritBase"]
[Source "John Saunders"]
[SourceDate "2020.09.07"]
[SourceVersion "1"]
[SourceVersionDate "2020.09.07"]
[SourceQuality "2"]

1. e4 c5 2. d4 cxd4 3. c3 Nf6 4. e5 Nd5 5. Bc4 Nb6 6. Bb3 d6 7. cxd4 dxe5 8.
Qh5 e6 9. dxe5 Nc6 10. Nc3 Qd3 11. Nge2 Bb4 12. O-O Qg6 13. Qxg6 hxg6 14. f4
Bd7 15. Be3 O-O 16. Rfd1 Rfd8 17. a3 Be7 18. Ba2 Na5 19. Bxb6 axb6 20. b4 Nc6
21. Bc4 g5 22. g3 gxf4 23. gxf4 g5 24. b5 Na5 25. Ba2 gxf4 26. Nxf4 Rac8 27.
Rd3 Nc4 28. Bxc4 Rxc4 29. Rf1 Bc5+ 30. Kg2 Rd4 31. Rg3+ Kf8 32. Ng6+ Ke8 33.
Nh8 Rd2+ 34. Kh1 Rf2 35. Rxf2 Bxf2 36. Rf3 Bc5 37. Nxf7 Ra8 38. Ne4 Rxa3 39.
Nfd6+ Kd8 40. Rxa3 Bxa3 41. Kg2 Ke7 42. Kf3 Bb2 43. Kf4 Bc1+ 44. Kf3 Bb2 45.
Nc4 Bd4 46. Ned6 Kf8 47. Kf4 Kg7 48. Kg5 Bg1 49. h4 Bc5 50. h5 Bd4 51. h6+ Kh7
52. Ne4 Bxb5 53. Nf6+ Kh8 54. Nd6 Be3+ 55. Kg6 Bd3+ 56. Nfe4 Bxe4+ 57. Nxe4 b5
58. h7 1-0

[Event "GBR-ch73"]
[Site "Southampton"]
[Date "1986.08.01"]
[Round "5"]
[White "Emms, John"]
[Black "Condie, Mark L"]
[Result "0-1"]
[WhiteElo "2305"]
[BlackElo "2410"]
[PlyCount "78"]
[EventDate "1986.07.28"]
[EventType "swiss"]
[EventRounds "11"]
[EventCountry "GBR"]
[SourceTitle "BritBase"]
[Source "John Saunders"]
[SourceDate "2020.09.07"]
[SourceVersion "1"]
[SourceVersionDate "2020.09.07"]
[SourceQuality "2"]

1. e4 e5 2. Bc4 Nf6 3. Nc3 Nc6 4. d3 Bb4 5. Nf3 d5 6. exd5 Nxd5 7. O-O Bxc3 8.
bxc3 Bg4 9. Re1 O-O 10. Bd2 Re8 11. Rb1 Nb6 12. Bb3 Qf6 13. Re4 Bh5 14. Qe2 Bg6
15. Re3 Re7 16. Bc1 Qd6 17. Nh4 Nd5 18. Nxg6 hxg6 19. Bxd5 Qxd5 20. Rb3 Rae8
21. f3 b6 22. Qe1 Na5 23. c4 Qd6 24. Rb1 Nc6 25. c3 f5 26. Rb5 Nb8 27. Rd5 Qf6
28. c5 Re6 29. cxb6 axb6 30. Rb5 Na6 31. Ba3 c5 32. c4 e4 33. fxe4 fxe4 34. Bb2
exd3 35. Bxf6 Rxe3 36. Qh4 d2 37. Rb1 Re1+ 38. Kf2 Rxb1 39. Bxg7 Kxg7 0-1

[Event "GBR-ch73"]
[Site "Southampton"]
[Date "1986.08.01"]
[Round "5"]
[White "Findlay, Ian T"]
[Black "Townsend, M Paul"]
[Result "1-0"]
[WhiteElo "2375"]
[BlackElo "2220"]
[PlyCount "81"]
[EventDate "1986.07.28"]
[EventType "swiss"]
[EventRounds "11"]
[EventCountry "GBR"]
[SourceTitle "BritBase"]
[Source "John Saunders"]
[SourceDate "2020.09.07"]
[SourceVersion "1"]
[SourceVersionDate "2020.09.07"]
[SourceQuality "2"]

1. e4 c5 2. Nf3 e6 3. d4 cxd4 4. Nxd4 Nf6 5. Nc3 d6 6. Be2 Be7 7. O-O O-O 8. f4
Nc6 9. Be3 a6 10. a4 Qc7 11. Qe1 Bd7 12. Qg3 Kh8 13. Kh1 Rac8 14. Rae1 Nxd4 15.
Bxd4 Bc6 16. Bd3 e5 17. fxe5 Nh5 18. Qe3 dxe5 19. Bb6 Qd6 20. Nd5 Bxd5 21. exd5
Bf6 22. Bf5 Rc4 23. b3 Rh4 24. Kg1 Nf4 25. c4 Be7 26. g3 Rh5 27. gxf4 Rxf5 28.
fxe5 Qg6+ 29. Kh1 Bg5 30. Qd4 Re8 31. Rxf5 Qxf5 32. Qe4 Qh3 33. Bg1 Qxb3 34.
Rb1 Rxe5 35. Rxb3 Rxe4 36. Rxb7 h5 37. c5 h4 38. Kg2 Rg4+ 39. Kf1 Rf4+ 40. Ke2
Rg4 41. c6 1-0

[Event "GBR-ch73"]
[Site "Southampton"]
[Date "1986.08.01"]
[Round "5"]
[White "Hebden, Mark L"]
[Black "Chandler, Murray G"]
[Result "0-1"]
[WhiteElo "2440"]
[BlackElo "2565"]
[PlyCount "78"]
[EventDate "1986.07.28"]
[EventType "swiss"]
[EventRounds "11"]
[EventCountry "GBR"]
[SourceTitle "BritBase"]
[Source "John Saunders"]
[SourceDate "2020.09.07"]
[SourceVersion "1"]
[SourceVersionDate "2020.09.07"]
[SourceQuality "2"]

1. Nf3 Nf6 2. g3 d5 3. c4 e6 4. Bg2 dxc4 5. O-O a6 6. a4 Nc6 7. a5 Bb4 8. Ne5
Nxe5 9. Qa4+ Bd7 10. Qxb4 Nd5 11. Qa3 Qe7 12. Qxe7+ Kxe7 13. b3 cxb3 14. Ba3+
Ke8 15. Bb2 f6 16. Bxe5 fxe5 17. Ra3 b6 18. Rxb3 bxa5 19. Rc1 Ke7 20. e4 Nb4
21. Rxc7 Rhc8 22. Rxc8 Rxc8 23. Nc3 Rc4 24. Kf1 Bb5 25. Kg1 Rd4 26. Nxb5 axb5
27. Bf1 Rxd2 28. Bxb5 Kd6 29. Rc3 Rc2 30. Ra3 Rc5 31. Ba4 Nc6 32. Ra1 Nd4 33.
h4 Rc1+ 34. Rxc1 Ne2+ 35. Kf1 Nxc1 36. Ke1 Kc5 37. Bd7 Kb4 38. Bxe6 a4 39. Kd1
Nb3 0-1

[Event "GBR-ch73"]
[Site "Southampton"]
[Date "1986.08.01"]
[Round "5"]
[White "Hennigan, Michael"]
[Black "Dunnington, Angus J"]
[Result "1-0"]
[WhiteElo "2225"]
[BlackElo "2280"]
[PlyCount "84"]
[EventDate "1986.07.28"]
[EventType "swiss"]
[EventRounds "11"]
[EventCountry "GBR"]
[SourceTitle "BritBase"]
[Source "John Saunders"]
[SourceDate "2020.09.07"]
[SourceVersion "1"]
[SourceVersionDate "2020.09.07"]
[SourceQuality "2"]

1. e4 c6 2. d4 d5 3. exd5 cxd5 4. c4 Nf6 5. Nc3 Nc6 6. Bg5 Be6 7. Bxf6 gxf6 8.
Nf3 Qd7 9. c5 Rg8 10. a3 Bf5 11. b4 e5 12. Bb5 O-O-O 13. O-O Bh3 14. g3 e4 15.
Nh4 f5 16. f4 Be7 17. Ng2 Bg4 18. Qd2 h5 19. Ne3 h4 20. Nxg4 Rxg4 21. Ne2 hxg3
22. hxg3 Qe6 23. Qe3 Rdg8 24. Kf2 Bf6 25. Bxc6 Qxc6 26. a4 Qa6 27. b5 Qa5 28.
c6 b6 29. Rfd1 Be7 30. Qb3 Rd8 31. Nc3 e3+ 32. Kf3 Qb4 33. Qxb4 Bxb4 34. Ne2
Bd2 35. Rh1 Rg6 36. Rh5 Rf6 37. Rah1 Kc7 38. Rh8 Rfd6 39. Rxd8 Rxd8 40. Rh5 Kd6
41. Rxf5 Ke6 42. Re5+ Kd6 1-0

[Event "GBR-ch73"]
[Site "Southampton"]
[Date "1986.08.01"]
[Round "5"]
[White "King, Daniel J"]
[Black "Thomas, Ian L"]
[Result "1-0"]
[WhiteElo "2455"]
[BlackElo "2350"]
[PlyCount "61"]
[EventDate "1986.07.28"]
[EventType "swiss"]
[EventRounds "11"]
[EventCountry "GBR"]
[SourceTitle "BritBase"]
[Source "John Saunders"]
[SourceDate "2020.09.07"]
[SourceVersion "1"]
[SourceVersionDate "2020.09.07"]
[SourceQuality "2"]

1. e4 e5 2. Nf3 Nc6 3. Bb5 a6 4. Ba4 Nf6 5. O-O Be7 6. Re1 b5 7. Bb3 d6 8. a4
Bg4 9. c3 O-O 10. d3 Qd7 11. Nbd2 d5 12. exd5 Nxd5 13. h3 Bh5 14. Nxe5 Nxe5 15.
Qxh5 Nxd3 16. Qxd5 Qxd5 17. Bxd5 Nxe1 18. Bxa8 Rxa8 19. axb5 a5 20. Nc4 Nd3 21.
Be3 f6 22. Ra4 Rb8 23. Rxa5 Kf7 24. Ra7 Rxb5 25. Rxc7 Ke6 26. b4 g5 27. Kf1 h5
28. g3 f5 29. Ke2 Rd5 30. Nb6 Rd8 31. Rxe7+ 1-0

[Event "GBR-ch73"]
[Site "Southampton"]
[Date "1986.08.01"]
[Round "5"]
[White "Levitt, Jonathan"]
[Black "Nicholson, John G"]
[Result "1-0"]
[WhiteElo "2455"]
[BlackElo "2295"]
[PlyCount "75"]
[EventDate "1986.07.28"]
[EventType "swiss"]
[EventRounds "11"]
[EventCountry "GBR"]
[SourceTitle "BritBase"]
[Source "John Saunders"]
[SourceDate "2020.09.07"]
[SourceVersion "1"]
[SourceVersionDate "2020.09.07"]
[SourceQuality "2"]

1. d4 Nf6 2. Nf3 c5 3. d5 g6 4. c4 b5 5. cxb5 a6 6. bxa6 Bxa6 7. Nc3 d6 8. e4
Bxf1 9. Kxf1 Bg7 10. g3 O-O 11. Kg2 Nbd7 12. Re1 Ng4 13. Qe2 Qc7 14. Nd2 Ngf6
15. Nc4 Nb6 16. Bd2 Nxc4 17. Qxc4 Nd7 18. b3 Nb6 19. Qe2 e6 20. dxe6 fxe6 21.
Rac1 Qc6 22. a4 Rf7 23. f3 Raf8 24. Rf1 Nd7 25. Nb5 d5 26. Bf4 e5 27. Bd2 Nf6
28. Nc3 Qb7 29. exd5 Nxd5 30. Ne4 Qxb3 31. Rxc5 Nf6 32. Nxf6+ Bxf6 33. Qc4 Qb2
34. Rf2 e4 35. fxe4 Bd4 36. Rb5 Qa1 37. Rxf7 Rxf7 38. Bh6 1-0

[Event "GBR-ch73"]
[Site "Southampton"]
[Date "1986.08.01"]
[Round "5"]
[White "McDonald, Neil R"]
[Black "Motwani, Paul"]
[Result "1-0"]
[WhiteElo "2495"]
[BlackElo "2355"]
[PlyCount "78"]
[EventDate "1986.07.28"]
[EventType "swiss"]
[EventRounds "11"]
[EventCountry "GBR"]
[SourceTitle "BritBase"]
[Source "John Saunders"]
[SourceDate "2020.09.07"]
[SourceVersion "1"]
[SourceVersionDate "2020.09.07"]
[SourceQuality "2"]

1. Nf3 Nf6 2. g3 g6 3. Bg2 Bg7 4. O-O O-O 5. c4 c6 6. d4 d5 7. cxd5 cxd5 8. Ne5
Nc6 9. Nc3 Bf5 10. Nxc6 bxc6 11. Bf4 Ne4 12. Na4 Qa5 13. Rc1 Rac8 14. a3 Rfe8
15. Nc5 e5 16. Bxe4 dxe4 17. dxe5 Bxe5 18. Bxe5 Rxe5 19. Qd4 Rd5 20. Qc4 Qd8
21. Qa4 Qe7 22. Nb3 e3 23. f3 Bh3 24. Rfd1 Rxd1+ 25. Rxd1 Rb8 26. Nd4 Rxb2 27.
Nxc6 Qc5 28. Qe4 Rxe2 29. Ne7+ Kg7 30. Nd5 f6 31. Nxf6 Rd2 32. Re1 e2+ 33. Kh1
Rd1 34. Ne8+ Kf8 35. Qxe2 Rxe1+ 36. Qxe1 Qc6 37. Qe3 Qxe8 38. Qxa7 Qe1+ 39. Qg1
Qe2 1-0

[Event "GBR-ch73"]
[Site "Southampton"]
[Date "1986.08.01"]
[Round "5"]
[White "Mestel, A Jonathan"]
[Black "Watson, William N"]
[Result "1/2-1/2"]
[WhiteElo "2505"]
[BlackElo "2495"]
[PlyCount "50"]
[EventDate "1986.07.28"]
[EventType "swiss"]
[EventRounds "11"]
[EventCountry "GBR"]
[SourceTitle "BritBase"]
[Source "John Saunders"]
[SourceDate "2020.09.07"]
[SourceVersion "1"]
[SourceVersionDate "2020.09.07"]
[SourceQuality "2"]

1. c4 g6 2. e4 Bg7 3. d4 d6 4. Nc3 Nf6 5. f3 O-O 6. Bg5 c5 7. d5 e6 8. Nge2 h6
9. Be3 exd5 10. cxd5 Nbd7 11. Qd2 Nh7 12. Nf4 a6 13. a4 Qa5 14. Ra2 Ne5 15. Be2
Qb4 16. O-O Nc4 17. Bxc4 Qxc4 18. Nfe2 h5 19. Bf4 Rd8 20. a5 b5 21. Qc2 Bxc3
22. bxc3 f5 23. Re1 Ra7 24. Ng3 Re7 25. Qb1 h4 1/2-1/2

[Event "GBR-ch73"]
[Site "Southampton"]
[Date "1986.08.01"]
[Round "5"]
[White "Norwood, David"]
[Black "Flear, Glenn C"]
[Result "1/2-1/2"]
[WhiteElo "2415"]
[BlackElo "2505"]
[PlyCount "124"]
[EventDate "1986.07.28"]
[EventType "swiss"]
[EventRounds "11"]
[EventCountry "GBR"]
[SourceTitle "BritBase"]
[Source "John Saunders"]
[SourceDate "2020.09.07"]
[SourceVersion "1"]
[SourceVersionDate "2020.09.07"]
[SourceQuality "2"]

1. g3 d5 2. Bg2 Nf6 3. Nf3 c6 4. O-O Bg4 5. b3 Nbd7 6. Bb2 e6 7. d3 Bc5 8. Nbd2
Qe7 9. Ne5 Nxe5 10. Bxe5 O-O 11. h3 Bh5 12. d4 Bb6 13. g4 Bg6 14. e3 Nd7 15.
Bg3 c5 16. e4 dxe4 17. Nxe4 Bxe4 18. Bxe4 Nf6 19. Bh4 h6 20. dxc5 g5 21. Bd3
Bxc5 22. Bg3 Rfd8 23. Qf3 Bd4 24. Rae1 Rd5 25. Bc4 Rd7 26. c3 Bb6 27. Be5 Nd5
28. Bxd5 Rxd5 29. c4 Rd7 30. Bf6 Qe8 31. h4 Bd4 32. hxg5 hxg5 33. Rd1 Bxf6 34.
Qxf6 Qd8 35. Qf3 Rxd1 36. Rxd1 Qe7 37. Qe4 Rd8 38. Rd5 Qf6 39. Qe5 Qxe5 40.
Rxe5 Kf8 41. Rxg5 Rd2 42. Rb5 b6 43. a4 Rb2 44. Kg2 Ke7 45. a5 bxa5 46. Rxa5
Rxb3 47. Rxa7+ Kf6 48. Rc7 Rc3 49. f3 e5 50. Kf2 Kg6 51. Ke2 Kf6 52. c5 Ke6 53.
g5 Rc2+ 54. Ke3 Rc3+ 55. Ke4 Rc4+ 56. Ke3 Rc3+ 57. Kf2 Kf5 58. Rxf7+ Kxg5 59.
Rc7 Kf6 60. c6 Ke6 61. Rc8 Kd6 62. Rd8+ Ke6 1/2-1/2